SUBISTON ESSENTIALS OF SURGERY (Record no. 3209)

MARC details
000 -LEADER
fixed length control field 00375nam a2200145Ia 4500
008 - FIXED-LENGTH DATA ELEMENTS--GENERAL INFORMATION
fixed length control field 150201s1994 xx 000 0 und d
082 ## - DEWEY DECIMAL CLASSIFICATION NUMBER
Classification number 617.5
Item number S1994W
100 ## - MAIN ENTRY--PERSONAL NAME
Personal name SABISTON ,JR.DAVID
245 ## - TITLE STATEMENT
Title SUBISTON ESSENTIALS OF SURGERY
250 ## - EDITION STATEMENT
Edition statement 2ND
260 ## - PUBLICATION, DISTRIBUTION, ETC. (IMPRINT)
Name of publisher, distributor, etc. HARCOURT INDIA PRIVATE LIMITED
Place of publication, distribution, etc. NEW DELHI
Date of publication, distribution, etc. 1994
300 ## - PHYSICAL DESCRIPTION
Extent 1-774
650 ## - SUBJECT ADDED ENTRY--TOPICAL TERM
Topical term or geographic name as entry element SURGERY
942 ## - ADDED ENTRY ELEMENTS (KOHA)
Source of classification or shelving scheme Dewey Decimal Classification
Koha item type Books
Koha issues (borrowed), all copies 1
Holdings
Withdrawn status Lost status Source of classification or shelving scheme Damaged status Not for loan Home library Current library Date acquired Source of acquisition Cost, normal purchase price Serial Enumeration / chronology SGTU Bill Number Total Checkouts Full call number Barcode Date last seen Bill Date Koha item type Date last checked out
    Dewey Decimal Classification     SGT Dental Library SGT Dental Library 10/03/2005 U.B.S.DELHI 22.00 1 SGTU 1305   617.5 S1994W FD3292 09/02/2015 27/04/2012 Books  
    Dewey Decimal Classification     SGT Dental Library SGT Dental Library 10/03/2005 U.B.S.DELHI 22.00 1 SGTU 1305   617.5 S1994W FD3293 09/02/2015 27/04/2012 Books  
    Dewey Decimal Classification     SGT Dental Library SGT Dental Library 10/03/2005 U.B.S.DELHI 22.00 1 SGTU 1305 2 617.5 S1994W FD3294 03/12/2022 27/04/2012 Books 17/11/2022
    Dewey Decimal Classification     SGT Dental Library SGT Dental Library 10/03/2005 U.B.S.DELHI 22.00 1 SGTU 1305   617.5 S1994W FD3295 09/02/2015 27/04/2012 Books  
    Dewey Decimal Classification     SGT Dental Library SGT Dental Library 10/03/2005 U.B.S.DELHI 22.00 1 SGTU 1305   617.5 S1994W FD3296 09/02/2015 27/04/2012 Books